• 首页
  • 本馆介绍
  • 公告通知
  • 最新文献
  • 馆藏检索
  • 电子资源
  • 读者导购
  • 参考咨询
  • 我的图书馆
  • 登录
  • 详细信息显示
  • 放入我的书架
  • 预约/预借图书
  • 作者相关作品
  • 分类相关作品
  • 丛书相关作品
  • 出版社相关作品

书目信息

  • 表格格式
  • 工作单格式
  • 卡片格式
题名:
临床外科护理学
    
 
作者: 姚荷娉, 主编
分册:  
出版信息: 西安   西安交通大学出版社  2014
页数: 466页
开本: 30cm
丛书名:
单 册:
中图分类: R473.6
科图分类:
主题词: 外科学--wai ke xue--护理学
电子资源:
ISBN: 978-7-5605-6289-6
000 00951nam0 2200277 450
001 1774705335
005 20150720145502.6
010    @a978-7-5605-6289-6@b精装@dCNY198.00
100    @a20150716d2014 em y0chiy50 ea
101 0  @achi
102    @aCN@b610000
105    @aa a 000yy
106    @ar
200 1  @a临床外科护理学@Alin chuang wai ke hu li xue@f总主编姚荷娉
210    @a西安@c西安交通大学出版社@d2014
215    @a466页@c图@d30cm
312    @a英文题名取自封面
314    @a书内题: 姚荷娉等主编
320    @a有书目 (第465-466页)
330    @a本书分为二十二章, 内容包括: 护理学基础、护理学的科学思维方法、护理理论、护理人员能力与要求、患者入院及出院的护理、生命体征与监护、基础护理技术、手术室护理等。
510 1  @aNursing of clinical surgery@zeng
606 0  @a外科学@Awai ke xue@x护理学
690    @aR473.6@v5
701  0 @a姚荷娉,@Ayao he ping@f1965-@4主编
801  0 @aCN@b人天书店@c20150716
905    @aBZT@dR473.6@e13
    
    临床外科护理学/总主编姚荷娉.-西安:西安交通大学出版社,2014
    466页:图;30cm
    
    
    ISBN 978-7-5605-6289-6(精装):CNY198.00
    本书分为二十二章, 内容包括: 护理学基础、护理学的科学思维方法、护理理论、护理人员能力与要求、患者入院及出院的护理、生命体征与监护、基础护理技术、手术室护理等。
●
相关链接 在五车中查询图书 在当当中查询图书 在豆瓣中查询图书


正题名:临床外科护理学     索取号:R473.6/13         预约/预借

序号 登录号 条形码 馆藏地/架位号 状态 备注
1 823200   2000823200   第二书库/ [索取号:R473.6/13] 在馆    
2 823201   2000823201   第二书库/ [索取号:R473.6/13] 在馆    
山东省滨州职业学院图书馆 欢迎您!
大连网信软件有限公司© 版权所有